Astrophysical procees in upper main sequence stars (Record no. 7832)

MARC details
000 -LEADER
fixed length control field 01069nam a2200229Ia 4500
003 - CONTROL NUMBER IDENTIFIER
control field IN-BaIIA
008 - FIXED-LENGTH DATA ELEMENTS--GENERAL INFORMATION
fixed length control field 211028s9999 xx 000 0 eng d
040 ## - CATALOGING SOURCE
Transcribing agency IIA Library
080 ## - UNIVERSAL DECIMAL CLASSIFICATION NUMBER
Universal Decimal Classification number 524.31.08
Item number SAAS-13
111 ## - MAIN ENTRY--MEETING NAME
Meeting name or jurisdiction name as entry element Advanced Course Astrophysical Procees in Upper Main Sequence Stars
Number of part/section/meeting 13th
Location of meeting Switzerland
Date of meeting or treaty signing 1983 Mar. 21-26
9 (RLIN) 13211
245 #0 - TITLE STATEMENT
Title Astrophysical procees in upper main sequence stars
Remainder of title thirteenth advanced course of the Swiss Society for Astrophysics and Astronomy was held at from Saas-Fee, Switzerland, 21 to 26 March 1983
Statement of responsibility, etc. edited by A. N. Cox, Vauclair S. and Zahn. J.-P.
260 ## - PUBLICATION, DISTRIBUTION, ETC.
Place of publication, distribution, etc. Switzerland
Name of publisher, distributor, etc. Geneva Observatory
Date of publication, distribution, etc. 1983
300 ## - PHYSICAL DESCRIPTION
Extent 329p.
490 ## - SERIES STATEMENT
Series statement Society of the Swiss National Academy of Sciences advanced course; no. 13
650 ## - SUBJECT ADDED ENTRY--TOPICAL TERM
Topical term or geographic name entry element Astronomy and astrophysics thesaurus
650 ## - SUBJECT ADDED ENTRY--TOPICAL TERM
Topical term or geographic name entry element Intrinsic variable stars
9 (RLIN) 13212
650 ## - SUBJECT ADDED ENTRY--TOPICAL TERM
Topical term or geographic name entry element Variables stars
9 (RLIN) 13213
700 ## - ADDED ENTRY--PERSONAL NAME
Personal name Cox, A. N., ed.
9 (RLIN) 13214
700 ## - ADDED ENTRY--PERSONAL NAME
Personal name Vauclair, S., ed.
9 (RLIN) 13215
700 ## - ADDED ENTRY--PERSONAL NAME
Personal name Zahn. J.-P., ed.
9 (RLIN) 13216
942 ## - ADDED ENTRY ELEMENTS (KOHA)
Koha item type Books
Holdings
Withdrawn status Lost status Damaged status Not for loan Home library Current library Shelving location Date acquired Total Checkouts Full call number Barcode Date last seen Price effective from Koha item type
        IIA Library-Bangalore IIA Library-Bangalore General Stacks 19/01/1984   524.31.08/ SAAS-13 8650 05/11/2021 19/01/1984 Books

Powered by Koha